LEADER 01272nam a2200277 a 4500 001 000000118058 003 CaOOAMICUS 005 20091118110956.0 008 091118t2009 it u000 u ita r 020 $a978-88-8155-461-4 040 $aPUL$bita$dReb 100 1 $aSalvarani, Francesco.$0(OLS)http://pul/name/73711 245 10$aEdith Stein :$bla grande figlia d'Israele, della Chiesa, del Carmelo /$cFrancesco Salvarani ; postfazione di Angela Ales Bello. 260 $aMilano :$bEdizioni Ares,$c©2009. 300 $a564 p. ;$c21 cm. 490 1 $aProfili ;$v18. 504 $aBibliografia in nota. 600 04$aTheresia Benedicta a Cruce,$cs.,$d1891-1942$xBiografia.$0(OLS)http://pul/subject/21763 700 1 $aAles Bello, Angela,$d1939-$0(OLS)http://pul/name/22845 830 0$aProfili (Ares) ;$v18.$0(OLS)http://pul/title/148608 850 $aPUL 852 $aPUL$W1$xSL Filosofia 3$y81$m193 SALFR 1$j135504$qDDC 21$B134474$CPULBib$Z2$F134474 $H111550 $82 941 1 $a9 996 $6020$a978-88-8155-461-4$9(OLS)http://pul/number/142414 996 $6245$aEdith Stein :$bla grande figlia d'Israele, della Chiesa, del Carmelo$9(OLS)http://pul/title/148607 996 $6260$aMilano :$bEdizioni Ares$9(OLS)http://pul/publisher/60056 LEADER 01654nam a2200349 a 4500 001 000000116215 003 CaOOAMICUS 005 20150302130301.0 008 090615s1988 gw u000 u lat u 020 $a3-7873-0749-4 040 $aPUL$bita 100 1 $aCusanus, Nicolaus,$ccard.,$d1401-1464.$0(OLS)http://pul/name/725 245 10$aNicolai de Cusa De beryllo /$ceditionem funditus renovatam atque instauratam curaverunt Iohannes Gerhardus Senger et Carolus Bormann. 246 30$aDe beryllo 260 $aHamburgi :$bin aedibus Felicis Meiner,$c1988. 300 $axxxv, 148 p. :$bill. ;$c29 cm. 490 1 $aNicolai de Cusa Opera omnia ;$v11.1 700 1 $aBormann, Karl.$0(OLS)http://pul/name/13467 700 1 $aSenger, Hans Gerhard.$0(OLS)http://pul/name/13471 800 1 $aCusanus, Nicolaus,$ccard.,$d1401-1464.$tOpera omnia ;$v11.1.$0(OLS)http://pul/nameTitle/969$0(OLS)http://pul/name/725$0(OLS)http://pul/title/2415 830 0$aNicolai de Cusa Opera omnia ;$v11.1.$0(OLS)http://pul/title/179744 850 $aPUL 852 $aPUL$W1$xSL Religione 2$y84$mTheol D1 1.11.1$j133157$qStampati Altre Collocazioni$B132182$CPULBib$Z2$F132182 $H59200 $82 900 $aNiccolò Cusano$9725 900 $aCusano, Niccolò$9725 900 $aNiccolò Cusano$9725 900 $aCusano, Niccolò$9725 941 1 $a10 996 $6020$a3-7873-0749-4$9(OLS)http://pul/number/141132 996 $6246$aDe beryllo$9(OLS)http://pul/title/146054 996 $6245$aNicolai de Cusa De beryllo$9(OLS)http://pul/title/146053 996 $6260$aHamburgi :$bin aedibus Felicis Meiner$9(OLS)http://pul/publisher/70046